| 000 | 01319nam a2200265 a 4500 | ||
|---|---|---|---|
| 001 | 41203 | ||
| 003 | (BD-RJUL) | ||
| 005 | 20211209053339.0 | ||
| 008 | 160517s1929 enk 000 0 eng d | ||
| 035 | _a(BD-RJUL) 41319 | ||
| 040 |
_aCIN _cCIN _dEQO _d(BD-RJUL) _beng |
||
| 041 | _aeng | ||
| 082 |
_223 _a370.4 _bWHA 1929 |
||
| 090 |
_aLB875 _b.W5 1929a |
||
| 100 | 1 |
_aWhitehead, Alfred North, _d1861-1947. _9116846 |
|
| 245 | 1 | 4 |
_aThe Aims of Education : _b& other Essays / _cby A.N. Whitehead. |
| 246 | 3 | _aAims of education and other essays | |
| 260 |
_aLondon : _bWilliams & Norgate, _c1929. |
||
| 300 |
_avi, 167 p. ; _c20 cm. |
||
| 500 | _a"Chapters I, IV, VI, VIII, IX, and X have been published in my book, The organisation of thought ... 1917. Chapter II ... published [1922] as a separate pamphlet." -- Pref. | ||
| 505 | 0 | _aThe aims of education. -- The rhythm of education. -- The rhythmic claims of freedom and discipline. -- Technical education and its relation to science and literature. -- The place of classics in education. -- The mathematical curriculum. -- Universities and their function. -- The organisation of thought. -- The anatomy of some scientific ideas. -- Space, time, and relativity. | |
| 650 | 0 |
_aEducation. _9126764 |
|
| 650 | 0 |
_aEducation _xCurricula. _9126765 |
|
| 942 |
_2ddc _cBK |
||
| 999 |
_c41203 _d41203 |
||